书目信息 |
| 题名: |
中华古诗文名篇诵读·宋元明清
|
|
| 作者: | 傅璇琮 主编 | |
| 分册: | ||
| 出版信息: | 西安 三秦出版社 2000.05 |
|
| 页数: | 335页 | |
| 开本: | 32开 | |
| 丛书名: | ||
| 单 册: | ||
| 中图分类: | I222.7 | |
| 科图分类: | ||
| 主题词: | 诗歌--中国 , 韵文--中国 | |
| 电子资源: | ||
| ISBN: | 7-80628-389-7 | |
| 000 | 00623nam0 2200205 45 | |
| 001 | 0011022028 | |
| 005 | 20001102201408.3 | |
| 010 | @a7-80628-389-7@d13.00元 | |
| 100 | @a20001102d2000 km y0chiy0120 ea | |
| 101 | 0 | @achi |
| 105 | @a z 000yy | |
| 200 | 1 | @a中华古诗文名篇诵读·宋元明清@AZhong Hua Gu Shi Wen Ming Pian Song Du·Song Yuan Ming Qing@f傅璇琮 主编@FFu Xuan Cong Zhu Bian |
| 210 | @a西安@c三秦出版社@d2000.05 | |
| 215 | @a335页@d32开 | |
| 606 | 0 | @a诗歌@x中国 |
| 606 | 0 | @a韵文@x中国 |
| 690 | @aI222.7@v3 | |
| 701 | 0 | @a傅璇琮@4主编 |
| 801 | @aCN@bPftUser@c20001102 | |
| 905 | @b197205-207@dI222.7@eF954@f3 | |
| 中华古诗文名篇诵读·宋元明清/傅璇琮 主编.-西安:三秦出版社,2000.05 |
| 335页;32开 |
| ISBN 7-80628-389-7:13.00元 |
| ● |
| 相关链接 |
|
|
|
正题名:中华古诗文名篇诵读·宋元明清
索取号:I222.7/F954
 
预约/预借
| 序号 | 登录号 | 条形码 | 馆藏地/架位号 | 状态 | 备注 |
| 1 | 197205 | 201972053 | 文学库108/108文学库 16排3列5层/ [索取号:I222.7/F954] | 在馆 | |
| 2 | 197206 | 201972062 | 社科二线400B/400B社科库 13排1列2层/ [索取号:I222.7/F954] | 在馆 | |
| 3 | 197207 | 201972071 | 文学库108/108文学库 16排3列5层/ [索取号:I222.7/F954] | 在馆 |